| 000 | 00800nam a2200241 a 4500 | ||
|---|---|---|---|
| 005 | 20240919064715.0 | ||
| 008 | 991125s1978 bar 000 0 spa u | ||
| 020 | _a8429700285 | ||
| 035 | _aUPN01000012226 | ||
| 049 | _aCG | ||
| 050 | 4 |
_aLB1025 _bC6.58 1978 |
|
| 100 | 1 |
_aCoombs, Philip Hall, _d1915-2006 _931275 |
|
| 245 | 1 | 3 |
_aLa crisis mundial de la educación / _cPhilip H. Coombs ; tr. Montserrat Solanas. |
| 250 | _a4a ed. | ||
| 260 |
_aBarcelona, Esp. : _bPenínsula, _c1978. |
||
| 300 | _a331 p. | ||
| 440 | 0 |
_aHistoria, ciencia, sociedad ; _v82 |
|
| 590 | _a(También localizas un ejemplar en el "Area de Reserva") | ||
| 590 | _aBibliografía Básica (BGTQ) | ||
| 650 | 4 |
_aEducación _xAspectos económicos _911820 |
|
| 650 | 4 |
_aEducación _xAspectos sociales _95311 |
|
| 905 | _aLibro | ||
| 999 |
_c12226 _d12226 |
||